| 000 | 00616 a2200181 4500 | ||
|---|---|---|---|
| 003 | Nust | ||
| 005 | 20170207153220.0 | ||
| 040 | _cNust | ||
| 082 | _a621.382 | ||
| 100 | _aNasir, Sarwat (MSEE-10) | ||
| 245 |
_aSpeaker recognition using filter banks _cSarwat Nasir |
||
| 260 |
_bMCS,NUST _c2007 _aRawalpindi |
||
| 300 | _aviii,5,9 p.; | ||
| 505 | _aIntroduction (page-1) Acoustic phonetics and speech segmentation (page-5), Auditory phonetics (page-17), System development (page-23) Results and analysis (page-33)Conclusion (page-53). | ||
| 538 | _aAlmirah No 69 Shelf No 1 | ||
| 650 | _aMS Thesis | ||
| 651 | _aMSEE-10 | ||
| 942 | _cTHS | ||
| 999 |
_c181750 _d181750 |
||